000 00458nam a2200181Ia 4500
001 1171
005 20260306140612.0
008 260306t1997||||xx |||||||||||||| ||spa||
041 _aESP
082 _a186.3
_bC61A
100 _aCicerón, Marco Tulio
_eAUT
245 0 _aTratado de la república:
_btratado de las leyes. Catilinarias
260 _c1997
300 _a193 páginas :
_c22 cm.
650 _aGEN
654 _aCHU
942 _cLIB
_dJUS
_fJUS
_2ddc
_n
999 _c1171
_d1171